| 000 | 03267nam a2200349 a 4500 | ||
|---|---|---|---|
| 003 | OSt | ||
| 005 | 20251022111439.0 | ||
| 007 | cr ||||||a|a|a | ||
| 008 | 251021s2025 mx a|||fom||| 001 0 spa d | ||
| 040 | _erda | ||
| 100 | 1 |
_aÁngel López, Cielo _9191346 |
|
| 245 | 1 | 0 |
_aBeneficio de la alimentación diferenciada en gallinas de postura Lohmann / _cpor Cielo Ángel López y Tomasa Pérez Pérez,; director de tesis Elvia López Pérez; secretario José Luis Zaragoza Ramírez; vocal Josué Juvencio Arroyo Villegas; suplente Silvia Carrillo Domínguez; suplente Agustín Ruiz Flores. |
| 264 | 1 |
_aChapingo, México : _bEl autor, _c2025. |
|
| 300 |
_a1 recurso en línea (76 páginas): _bcuadros, figuras. |
||
| 336 |
_2rdacontent _atexto _btxt |
||
| 337 |
_2rdamedia _acomputadora _bc |
||
| 338 |
_2rdacarrier _arecurso en línea _bcr |
||
| 502 |
_bIAEZ _cZootecnía _d2025. _gLIC |
||
| 504 | _aIncluye referencias bibliográficas:76 páginas . | ||
| 520 | _aCon el objetivo de evaluar el comportamiento productivo y la calidad del huevo en gallinas Lohmann Brown alimentadas con dietas convencional y diferencial, bajo dos sistemas de manejo: confinamiento y pastoreo. Se utilizaron 100 aves de 22 semanas de edad, distribuidas aleatoriamente en cuatro tratamientos; 1 (AC_PA): Alimento convencional con pastoreo; corrales 1, 2 y 3, con 9 gallinas en los dos primeros y 8 en el tercero. 2 (AD_PA): Alimento diferencial con pastoreo; corrales 4, 5 y 6, con 8 gallinas en cada uno. 3 (AC_PI): Alimento convencional con confinamiento; corrales 7, 8 y 9, con 9 gallinas en los dos primeros y 8 en el tercero. 4 (AD_PI): Alimento diferencial con confinamiento; corrales 10, 11 y 12, con 8 gallinas en cada uno. Durante un periodo de nueve semanas. Se determinó el consumo de alimento, la producción de huevo, así como parámetros relacionados con la calidad del huevo peso, tamaño, color de yema, altura de albúmina, índice morfológico, peso del cascaron y grosor del cascarón. Los tratamientos con dieta diferencial (AD_PI y AD_PA) mostraron los mayores porcentajes de postura (97.62 % y 97.02 %, respectivamente), superando a los grupos con dieta convencional. El acceso al pastoreo mejoró el color de la yema. Todos los tratamientos mantuvieron una calidad de huevo comercialmente aceptable. El análisis económico indicó que el tratamiento AD_PA fue el más rentable, con el menor costo por huevo producido ($0.97). Se concluye que la dieta diferencial, especialmente bajo pastoreo, optimiza la productividad y la rentabilidad sin afectar la calidad del producto. | ||
| 650 | 4 |
_aGallinas de postura _xAlimentación _9191330 |
|
| 650 | 4 |
_aGallinas de postura _xRendimiento _9191190 |
|
| 650 | 1 |
_aHuevos _xCalidad _956742 |
|
| 700 | 1 |
_aPérez Pérez, Tomasa _9191347 |
|
| 700 | 1 |
_aLópez Pérez, Elvia _968223 _edirector. |
|
| 700 | 1 |
_aZaragoza Ramírez, José Luis _9191398 _esecretario. |
|
| 700 | 1 |
_aArroyo Villegas, Josué Juvencio _97545 _evocal. |
|
| 700 | 1 |
_aCarrillo Domínguez, Silvia _9189359 _esuplente. |
|
| 700 | 1 |
_aRuiz Flores, Agustín _9100671 _esuplente. |
|
| 856 |
_uhttp://10.13.5.2/tesis/tl/1710112-7_Y_1911914-6_ANGEL_LOPEZ_CIELO_Y_PEREZ_PEREZ_TOMASA.pdf _zDESCARGAR PDF |
||
| 942 |
_2Clasificación Universidad Autónoma Chapingo _cTD |
||
| 999 |
_c233089 _d233089 |
||